[Event "Reinstorf op"]
[Site "Reinstorf"]
[Date "2022.02.06"]
[Round "9"]
[White "Rennkamp, Johannes"]
[Black "Payyappat, Sayas"]
[Result "1-0"]
[WhiteElo "1608"]
[BlackElo "1223"]
[PlyCount "87"]
[EventDate "2022.01.29"]
[EventType "swiss"]
[EventRounds "9"]
[EventCountry "GER"]
[SourceTitle "CBM 206 Extra"]
[Source "ChessBase"]
[SourceDate "2022.03.31"]
[SourceVersion "1"]
[SourceVersionDate "2022.03.31"]
[SourceQuality "1"]

1. Nf3 d5 2. d4 Bg4 3. Ne5 Bf5 4. c4 c6 5. Nc3 Nf6 6. Qb3 Qb6 7. Qxb6 axb6 8. cxd5 cxd5 9. e3 e6 10. Bb5+ Nbd7 11. 0-0 Bd6 12. Nxd7 Nxd7 13. Bd2 Rd8 14. Rac1 0-0 15. a3 e5 16. Nxd5 exd4 17. exd4 Bb8 18. Ne7+ Kh8 19. Nxf5 Nf6 20. Bb4 Rg8 21. Ne7 Rgf8 22. Rfd1 Bd6 23. Bxd6 Rxd6 24. Rc8 Rxc8 25. Nxc8 Rd8 26. Nxb6 Kg8 27. f3 Kf8 28. Kf2 Ke7 29. d5 Kd6 30. Rc1 Ke5 31. d6 Kxd6 32. Rd1+ Kc7 33. Rxd8 Kxd8 34. Bc4 Ke8 35. Nd5 Nxd5 36. Bxd5 b6 37. b4 f6 38. h4 Kd7 39. h5 h6 40. g4 Kd6 41. Bc4 Ke5 42. Ke3 Kd6 43. Ke4 Kd7 44. Kf5 1-0

[Event "Reinstorf Blitz op"]
[Site "Reinstorf"]
[Date "2022.02.04"]
[Round "1"]
[White "Baum, Jonasz"]
[Black "Rennkamp, Johannes"]
[Result "1-0"]
[WhiteElo "2287"]
[BlackElo "1591"]
[PlyCount "45"]
[EventDate "2022.01.29"]
[EventType "swiss (blitz)"]
[EventRounds "9"]
[EventCountry "GER"]
[SourceTitle "CBM 206 Extra"]
[Source "ChessBase"]
[SourceDate "2022.03.31"]
[SourceVersion "1"]
[SourceVersionDate "2022.03.31"]
[SourceQuality "1"]

1. Nf3 Nf6 2. c4 c5 3. d4 g6 4. d5 b5 5. Qc2 d6 6. e4 b4 7. Bd3 Bg7 8. 0-0 0-0 9. a3 bxa3 10. Rxa3 a5 11. Bf4 Na6 12. Qd2 Nb4 13. Nc3 Bg4 14. e5 Nh5 15. Ng5 Nxd3 16. Qxd3 Nxf4 17. Qg3 Ne2+ 18. Nxe2 Bxe2 19. Re1 Bxc4 20. Nxh7 Kxh7 21. Qh4+ Bh6 22. Rh3 Kg8 23. Qxh6 1-0

[Event "Bremen Silvester op"]
[Site "Bremen"]
[Date "2021.12.27"]
[Round "1"]
[White "Nagel, Bernhard"]
[Black "Rennkamp, Johannes"]
[Result "1-0"]
[WhiteElo "2180"]
[BlackElo "1608"]
[PlyCount "169"]
[EventDate "2021.12.21"]
[EventType "swiss"]
[EventRounds "7"]
[EventCountry "GER"]
[SourceTitle "CBM 205 Extra"]
[Source "ChessBase"]
[SourceDate "2022.01.31"]
[SourceVersion "1"]
[SourceVersionDate "2022.01.31"]
[SourceQuality "1"]

1. Nf3 Nf6 2. g3 g6 3. b3 Bg7 4. Bb2 d5 5. c4 c6 6. Bg2 Qb6 7. Qc1 0-0 8. 0-0 Re8 9. d3 Nbd7 10. Ne5 d4 11. Nxd7 Nxd7 12. Nd2 c5 13. e4 Ne5 14. Qc2 Bd7 15. h3 Nc6 16. Rae1 e5 17. Bc1 g5 18. Nf3 f6 19. Bd2 a5 20. a4 h6 21. Nh2 Nb4 22. Bxb4 Qxb4 23. Rb1 f5 24. exf5 Bxf5 25. Bd5+ Kh8 26. g4 Bg6 27. Qe2 Rf8 28. f3 Rf4 29. Be4 Bxe4 30. dxe4 Ra6 31. Rfd1 Raf6 32. Qe1 Qxe1+ 33. Rxe1 Rb6 34. Kf2 Rb4 35. Rb2 Bf8 36. Reb1 Rb6 37. Rd2 Kg7 38. Rd3 Kg6 39. Nf1 Rb4 40. Ng3 Rf6 41. Ra1 Rfb6 42. Ra3 Rc6 43. Ke2 Rcb6 44. Kd2 Rc6 45. Ra1 Rcb6 46. Kc2 Rf6 47. Rh1 Rbb6 48. h4 Rf7 49. hxg5 hxg5 50. Nf5 Rh7 51. Rdd1 Re6 52. Rxh7 Kxh7 53. Rh1+ Bh6 54. Rh5 Rf6 55. Kd2 Re6 56. Ke2 Rf6 57. Kf2 Re6 58. Nxh6 Rxh6 59. Rxg5 Rh2+ 60. Kg3 Rb2 61. Rxe5 b6 62. Re7+ Kg6 63. Re6+ Kf7 64. Rxb6 d3 65. e5 Rb1 66. Rd6 Rd1 67. Kf4 d2 68. g5 Kg7 69. e6 Kf8 70. Rd7 Ke8 71. g6 Rg1 72. Rxd2 Rxg6 73. Kf5 Rg3 74. Rd3 Rg8 75. f4 Rf8+ 76. Ke5 Ke7 77. Rd7+ Ke8 78. Ra7 Rh8 79. Kd6 Kf8 80. Ra8+ Kg7 81. Rxh8 Kxh8 82. e7 Kg8 83. e8Q+ Kg7 84. Ke5 Kh7 85. Kf6 1-0

[Event "GER-chT Christmas U16 Lasker"]
[Site "Playchess.com INT"]
[Date "2020.12.28"]
[Round "6.4"]
[White "Rennkamp, Johannes"]
[Black "Petzke, Julian"]
[Result "1-0"]
[WhiteElo "1603"]
[BlackElo "1514"]
[PlyCount "77"]
[EventDate "2020.12.28"]
[EventType "team-swiss (blitz)"]
[EventRounds "7"]
[EventCountry "GER"]
[SourceTitle "CBM 200 Extra"]
[Source "ChessBase"]
[SourceDate "2021.03.31"]
[SourceVersion "1"]
[SourceVersionDate "2021.03.31"]
[SourceQuality "1"]
[WhiteTeam "Lueneburg Turm"]
[BlackTeam "Leipzig SG"]
[WhiteTeamCountry "GER"]
[BlackTeamCountry "GER"]

1. d4 e6 2. Nf3 d5 3. c4 Nf6 4. Bg5 Nbd7 5. Nc3 dxc4 6. e4 h6 7. Bh4 Be7 8. Bxc4 b6 9. 0-0 Bb7 10. Re1 0-0 11. e5 Nh7 12. Bxe7 Qxe7 13. Bd3 Ng5 14. Nxg5 Qxg5 15. Be4 c6 16. Qc1 Qg4 17. Qd1 Qg5 18. Qc1 Qg4 19. h3 Qh4 20. Qe3 f5 21. Bf3 f4 22. Qd3 Rad8 23. Qg6 Rde8 24. Qg4 Qxg4 25. Bxg4 c5 26. Nb5 cxd4 27. Nd6 Rb8 28. Bxe6+ Kh8 29. Bxd7 Rfd8 30. Nxb7 Rxb7 31. Bc6 Rc7 32. Bf3 Rc2 33. Rab1 d3 34. e6 Re8 35. e7 Kg8 36. Bh5 g6 37. Bxg6 Re2 38. Rxe2 dxe2 39. Bxe8 1-0